| 000 | 00954cam a2200313 i 4500 | ||
|---|---|---|---|
| 001 | 200462788 | ||
| 003 | TR-AnTOB | ||
| 005 | 20250926104809.0 | ||
| 007 | ta | ||
| 008 | 110628s2013 tu 000 0 tur d | ||
| 020 | _a9789750805984 | ||
| 040 |
_aTR-AnTOB _beng _erda _cTR-AnTOB |
||
| 041 | _atur | ||
| 050 |
_aPL248.C865 _bH36 2013 |
||
| 090 | _aPL248.C865 H36 2013 | ||
| 100 | 1 |
_aÇamlıbel, Faruk Nafiz, _d1898-1973 _eauthor _925736 |
|
| 245 | 1 | 0 |
_aHan duvarları : _btoplu şiirler / _cFaruk Nafiz Çamlıbel. |
| 250 | _a18. baskı: İstanbul, Mart 2013. | ||
| 264 | 1 |
_aİstanbul : _bYKY, _c2013. |
|
| 300 |
_a282 pages ; _c20 cm |
||
| 336 |
_atext _btxt _2rdacontent |
||
| 337 |
_aunmediated _bn _2rdamedia |
||
| 338 |
_avolume _bnc _2rdacarrier |
||
| 490 | 0 |
_aYapı Kredi Yayınları ; _v1849 _aŞiir ; _v168 |
|
| 650 | 0 |
_aTurkish poetry _988558 |
|
| 650 | 7 |
_aTürk şiiri _2etuturkob _984273 |
|
| 942 |
_cBK _2lcc |
||
| 999 |
_c200462788 _d81000 |
||